| 000 | 01129nam a2200277Ia 4500 | ||
|---|---|---|---|
| 003 | OSt | ||
| 005 | 20221005111705.0 | ||
| 006 | a|||||r|||| 00| 0 | ||
| 007 | ta | ||
| 008 | 221004b |||||||| |||| 00| 0 hin d | ||
| 024 | _a108644 | ||
| 037 | _cTextual | ||
| 040 |
_aCRL _cCRL _bhin |
||
| 041 |
_2hin _ahin |
||
| 082 | _aO152,1K81,1, L2 | ||
| 100 |
_aनख - शिख _9158888 |
||
| 245 | 0 | _aमिर्ज़ा अब्दुर्रहमान ‘प्रेमी’ | |
| 246 | _aMirज़ā abdurrahamān ‘premī’ | ||
| 260 |
_aबम्बई _bमहात्मा गांधी मेमोरियल रिसर्च सेन्टर भारत _c1972 |
||
| 300 |
_a111पृ0 _ccm. |
||
| 490 | _aमहात्मा गांधी मेमोरियल पब्लिकेशन सिरीज; 3 | ||
| 650 | _aहिन्दी साहित्य | ||
| 700 | _a इक़बाल अहमद, संपा. | ||
| 942 |
_hO152,1K81,1, L2 _cTEXL _2cc |
||
| 999 |
_c1022598 _d1022598 |
||